Deutsche Städte mit "W" - Statistiken

Allgemein
  • Dieses Quiz wurde 133 mal gespielt
  • Das Durchschnittsergebnis liegt bei 37 aus 161
Antwortstatistiken
Bundesland Stadt % Korrekt
Nordrhein-Westfalen Wuppertal
86%
Hessen Wiesbaden
77%
Rheinland-Pfalz Worms
75%
Nordrhein-Westfalen Witten
72%
Niedersachsen Wolfsburg
72%
Baden-Württemberg Weil am Rhein
69%
Baden-Württemberg Weil der Stadt
69%
Thüringen Weimar
69%
Mecklenburg-Vorpommern Wismar
64%
Bayern Würzburg
64%
Sachsen-Anhalt Wittenberg
63%
Mecklenburg-Vorpommern Wittenburg
63%
Niedersachsen Wolfenbüttel
62%
Mecklenburg-Vorpommern Waren (Müritz)
60%
Mecklenburg-Vorpommern Warin
60%
Baden-Württemberg Weinheim
60%
Niedersachsen Wilhelmshaven
59%
Baden-Württemberg Waiblingen
56%
Nordrhein-Westfalen Wesel
56%
Baden-Württemberg Weilheim an der Teck
52%
Bayern Weilheim in Oberbayern
52%
Sachsen Weißenberg
52%
Hessen Wetzlar
51%
Nordrhein-Westfalen Warendorf
48%
Nordrhein-Westfalen Würselen
47%
Bayern Weiden in der Oberpfalz
46%
Bayern Weißenburg in Bayern
46%
Sachsen-Anhalt Weißenfels
46%
Nordrhein-Westfalen Werl
46%
Baden-Württemberg Wangen im Allgäu
44%
Nordrhein-Westfalen Winterberg
44%
Baden-Württemberg Wertheim
41%
Bayern Wunsiedel
41%
Sachsen-Anhalt Wernigerode
40%
Hessen Wetter
40%
Nordrhein-Westfalen Wetter (Ruhr)
40%
Baden-Württemberg Waldshut-Tiengen
36%
Nordrhein-Westfalen Willich
35%
Rheinland-Pfalz Wittlich
35%
Baden-Württemberg Weinstadt
33%
Nordrhein-Westfalen Werne
33%
Sachsen Werdau
32%
Baden-Württemberg Winnenden
32%
Brandenburg Wittenberge
32%
Niedersachsen Wunstorf
31%
Bayern Wasserburg am Inn
30%
Niedersachsen Winsen (Luhe)
30%
Baden-Württemberg Waghäusel
28%
Baden-Württemberg | Sachsen Waldenburg
28%
Nordrhein-Westfalen Wermelskirchen
28%
Nordrhein-Westfalen Werther (Westf.)
28%
Bayern Wörth am Main
28%
Rheinland-Pfalz Wörth am Rhein
28%
Bayern Wörth an der Donau
28%
Brandenburg Werder (Havel)
27%
Saarland Wadern
26%
Schleswig-Holstein Wedel
26%
Thüringen Weida
26%
Sachsen Weißwasser/O.L.
26%
Baden-Württemberg Wiesensteig
26%
Rheinland-Pfalz Wissen
26%
Hessen Witzenhausen
26%
Sachsen Waldheim
25%
Baden-Württemberg Wiesloch
25%
Nordrhein-Westfalen Wipperfürth
25%
Mecklenburg-Vorpommern Wolgast
25%
Sachsen Wolkenstein
25%
Niedersachsen Wittmund
23%
Hessen Waldeck
22%
Nordrhein-Westfalen Warburg
22%
Niedersachsen Walsrode
21%
Schleswig-Holstein Wesselburen
21%
Sachsen Wilkau-Haßlau
21%
Nordrhein-Westfalen Wesseling
20%
Baden-Württemberg Walldorf
19%
Thüringen Werra-Suhl-Tal
17%
Rheinland-Pfalz Westerburg
17%
Nordrhein-Westfalen Warstein
16%
Hessen Weiterstadt
16%
Sachsen Wurzen
16%
Rheinland-Pfalz Wachenheim an der Weinstraße
15%
Hessen Weilburg
15%
Sachsen-Anhalt Wolmirstedt
15%
Baden-Württemberg Waldkirch
14%
Nordrhein-Westfalen Wassenberg
14%
Baden-Württemberg Weingarten
14%
Sachsen-Anhalt Werben (Elbe)
14%
Nordrhein-Westfalen Wiehl
14%
Sachsen Wilsdruff
14%
Nordrhein-Westfalen Waltrop
12%
Nordrhein-Westfalen Wegberg
12%
Baden-Württemberg Wendlingen am Neckar
12%
Baden-Württemberg Wildberg
12%
Thüringen Waltershausen
11%
Baden-Württemberg Wernau (Neckar)
11%
Nordrhein-Westfalen Wülfrath
11%
Baden-Württemberg Wehr
10%
Niedersachsen Westerstede
10%
Sachsen-Anhalt Wettin-Löbejün
10%
Bayern Wolfratshausen
10%
Rheinland-Pfalz Wörrstadt
10%
Bayern Waldkirchen
9%
Bayern Waldkraiburg
9%
Sachsen-Anhalt Wanzleben-Börde
9%
Baden-Württemberg Weinsberg
9%
Bayern Weißenstadt
9%
Nordrhein-Westfalen Werdohl
9%
Nordrhein-Westfalen Willebadessen
9%
Nordrhein-Westfalen Waldbröl
7%
Baden-Württemberg Waldenbuch
7%
Sachsen-Anhalt Wegeleben
7%
Thüringen Weißensee
7%
Niedersachsen Wildeshausen
7%
Bayern Windischeschenbach
7%
Brandenburg Wittstock/Dosse
7%
Schleswig-Holstein Wahlstedt
6%
Bayern Wertingen
6%
Mecklenburg-Vorpommern Wesenberg
6%
Baden-Württemberg Wolfach
6%
Hessen Wolfhagen
6%
Niedersachsen Wustrow (Wendland)
6%
Bayern Waldmünchen
5%
Baden-Württemberg Walldürn
5%
Niedersachsen Weener
5%
Bayern Weißenhorn
5%
Bayern Wemding
5%
Sachsen Wildenfels
5%
Sachsen Wilthen
5%
Niedersachsen Wittingen
5%
Hessen Wächtersbach
4%
Bayern Wassertrüdingen
4%
Bayern Wolframs-Eschenbach
4%
Rheinland-Pfalz Wolfstein
4%
Schleswig-Holstein Wyk auf Föhr
4%
Bayern Waldsassen
2%
Bayern Weismain
2%
Niedersachsen Werlte
2%
Brandenburg Wildau
2%
Schleswig-Holstein Wilster
2%
Bayern Windsbach
2%
Thüringen Wurzbach
2%
Bayern Waischenfeld
1%
Hessen Wanfried
1%
Thüringen Wasungen
1%
Baden-Württemberg Weikersheim
1%
Rheinland-Pfalz Weißenthurm
1%
Baden-Württemberg Welzheim
1%
Brandenburg Werneuchen
1%
Niedersachsen Wiesmoor
1%
Rheinland-Pfalz Wirges
1%
Sachsen Wittichenau
1%
Mecklenburg-Vorpommern Woldegk
1%
Brandenburg Wriezen
1%
Baden-Württemberg Waibstadt
0%
Bayern Waldershof
0%
Hessen Waldkappel
0%
Rheinland-Pfalz Waldmohr
0%
Bayern Wallenfels
0%
Brandenburg Welzow
0%
Baden-Württemberg Widdern
0%
Keine übereinstimmenden Quizze gefunden
Verteilung der Resultate
Anzahl Personen mit jedem Resultat
Perzentil nach korrekt beantworteten Fragen
Ihre Resultats-Entwicklung
Sie haben dieses Quiz noch nicht gespielt